|
|
|
|
| LEADER |
00000nab a2200000 ar4500 |
| 001 |
vtls008841563 |
| 003 |
SK-MaSNL |
| 005 |
20260426083924.0 |
| 008 |
250505c2006 xo qr|p|||||||000 b|slo |
| 015 |
|
|
|a SNBRB2006/08
|2 snkbucl
|
| 035 |
|
|
|a (uuid)566575eb-8f55-4685-b652-46a2cf92b879
|
| 035 |
|
|
|a urn:nbn:sk:snk-ab9zlg
|
| 035 |
|
|
|a (urnnbn)urn:nbn:sk:snk:ar-a096cf
|
| 040 |
|
|
|a SNKBUCL
|b slo
|c SNKBUCL
|e AACR2
|
| 041 |
0 |
|
|a slo
|
| 044 |
|
|
|a xo
|c SK
|
| 080 |
|
|
|a 355.45
|x (437.6)
|2 2001
|
| 080 |
|
|
|a 327
|x (100:437.6)
|2 2001
|
| 080 |
|
|
|a 321.64
|x (100)
|2 2001
|
| 100 |
1 |
|
|a Kovačovská, Lenka
|4 aut
|9 1132399
|
| 245 |
1 |
0 |
|a Nedemokratické režimy vo východnej Európe a strednej Ázii: Bezpečnostná hrozba pre Slovensko?
|c Lenka Kovačovská
|
| 300 |
|
|
|b Fotogr.
|
| 650 |
0 |
7 |
|a nedemokratické režimy
|z východná Európa
|z stredná Ázia
|2 snkbucl
|9 1458346
|
| 650 |
0 |
7 |
|a bezpečnostná politika
|2 snkbucl
|9 1647
|
| 650 |
0 |
7 |
|a bezpečnostné hrozby
|2 snkbucl
|9 830733
|
| 651 |
|
7 |
|a Slovensko
|2 snkbucl
|9 14231
|
| 773 |
0 |
|
|t Euro-Atlantic Quarterly
|g Roč. 1, č. 2 (2006), s. 8-9
|x 1336-8761
|
| 850 |
|
|
|a Slovenská národná knižnica
|
| 852 |
|
|
|a Slovenská národná knižnica
|
| 954 |
|
|
|a odborná, vedecká literatúra pôvodná (slovenská)
|2 lita
|
| 958 |
|
|
|a article13
|
| 958 |
|
|
|a OND
|
| 958 |
|
|
|a SK
|
| 958 |
|
|
|a EUIPO
|
| 999 |
|
|
|c 2917213
|d 2919143
|